000 01709nim a2200385 i 4500
001 197264
003 ES-MaACL
005 20250828062611.0
007 ss lsnjlcipnne
008 250424s1991 sp nnnn |||| 00| spa d
040 _bspa
_cES-MaACL
245 0 0 _aHomenaje al poeta Alfonso Carreño y presentación de su libro "Dormitorio de cosechas" :
_h[Grabación sonora] /
_cintervienen Carlos Bousoño, Jesús Pardo de Santayana, Claudio Rodríguez y Francisco Ynduráin ; presenta Antonio Domínguez Rey.
260 _aMadrid :
_bAteneo de Madrid,
_c1991
300 _a1 casete (ca. 90 min) :
_bson. ;
_c11 cm
490 1 _3Actos culturales en el Ateneo de Madrid
518 _aGrabado el 8 de enero de 1991 en el Salón de Actos del Ateneo de Madrid
520 _aHomenaje a Alfonso Carreño y presentación de su libro póstumo "Dormitorio de cosechas"
540 _aDocumento inédito
594 _5Datos basados en la invitación
600 1 0 _9240457
_aCarreño, Alfonso,
_d1932-1988
610 2 0 _aAteneo de Madrid-
_xActos culturales-
_y1991-
_vGrabaciones sonoras
_9240452
653 _aArchivo de la palabra
655 7 _2tgfbne
_9226850
_aHomenajes
700 1 _945239
_aDomínguez Rey, Antonio
_epres
700 1 _aBousoño, Carlos,
_d1923-2015
_eora
_931032
700 1 _9240454
_aPardo de Santiyana, Jesús
_eora
700 1 _998224
_aRodríguez, Claudio,
_d1934-1999
_eora
700 1 _9117648
_aYnduráin, Francisco,
_d1910-1994
_eora
710 2 _91875
_aAteneo de Madrid
_ehis
830 0 _aActos culturales en el Ateneo de Madrid
_9240237
852 _aES-MaACL
_cDEPOZ
_9205510
942 _2udc
_n0
_cCINTASAUD
999 _c197264
_d197264